000 00610nac a22001691u 4500
020 _a0074600603
082 _a621.82
_bB5752
090 _c955
_d955
100 _aBhandari, V. B.
245 _aDesign of machine elements /
_cV. B. Bhandari.
260 _aNew Delhi :
_bTata McGraw-Hill Pub. Co.,
_c1994.
300 _a753 p. :
_bDiagram,
_c24 cm.
500 _aIncludes index.
650 _aMachine design.
942 _cBB
_k621.82B5752
999 _c955
_d955